| 000 | 01011nam a22002417a 4500 | ||
|---|---|---|---|
| 999 |
_c1208 _d1208 |
||
| 003 | AR-CdUCM | ||
| 008 | 190226b ||||| |||| 00| 0 spa d | ||
| 040 |
_aMUNICIPALIDAD PROVINCIAL DEL CUSCO _cBIBLIOTECA MUNICIPAL DEL CUSCO |
||
| 082 |
_a362.7 / _bF49 |
||
| 100 |
_aFigueroa Arias, Luz Marina _94718 |
||
| 245 |
_aNiñez en riesgo camina al emprendimiento : _bla experiencia de Inti Runakunaq Wasin (IRW) / |
||
| 260 |
_a[Cusco] : _bNicograft. |
||
| 300 |
_a106 páginas ; _c21 cm. |
||
| 505 | _aContenido: Vidas en riesgo -- Niños y adolescentes en situación de riesgo -- Una casa creativa para niños en situación de riesgo -- Vidas en camino al emprendimiento -- la ruta de los sueños de Inti Runakunaq Wasin ... | ||
| 650 |
_aInti Runakunaq Wasin _94719 |
||
| 650 |
_aNiñez, adolescencia en riesgo _94720 |
||
| 650 |
_aPobreza _94721 |
||
| 650 |
_aServicios sociales de bienestar _94722 |
||
| 650 |
_aCusco _9772 |
||
| 650 |
_aPerú _935 |
||
| 942 |
_2ddc _cLIBROS |
||
| 945 |
_alccs _d2019-02-26 |
||